| 000 | 00719nam a22002177a 4500 | ||
|---|---|---|---|
| 003 | OSt | ||
| 005 | 20260508160641.0 | ||
| 008 | 230713s2024 iau ob 001 0 eng | ||
| 020 |
_a9781266873492 _q(hardcover) |
||
| 040 |
_cMIU _dMILA_ain _dMILA_ain |
||
| 050 |
_aP30 _b.B2848 2024 |
||
| 100 |
_aBaran, Stanley J. _92463 |
||
| 245 |
_aIntroduction to mass communication : _bmedia literacy and culture / _cStanley J. Baran |
||
| 260 |
_aNew York: _bMcGraw-Hill Education, _c2024. |
||
| 300 |
_axxv, 396 p. : _bcol. ill. ; _c28 cm. |
||
| 504 | _aIncludes bibliographical reference and index. | ||
| 650 |
_aMass media _92464 |
||
| 650 |
_aMass media and culture _92465 |
||
| 650 |
_aMedia literacy _92466 |
||
| 942 |
_2lcc _cBK |
||
| 999 |
_c2650 _d2650 |
||